000 00689nam a22001937a 4500
999 _c164121
_d164121
005 20190510155617.0
010 _aUR-10094
020 _c450.00
_a9789388105392
035 _aU-8649
037 _bDBAD/PUB
082 _a270.840
100 _aشو قی ضعيف
245 _aعر بی نثر کا فنی ا ر تقاء
_cشو قی ضعيف
246 _bArabi Nasr ka Fanni Irteqa(Urdu)
_aTranslated by Shams Kamal Anjum
260 _a Delhi
_bEducational Publishing House
_c2018 ء
270 _a3191،Vakil Street,Kucha Pandit,Lal Kuan,
_bDelhi
_e110006
_k23216162
_l00911123211540
300 _a416ص
_c22 Cm.(bk)
942 _2ddc
_cUR
_h270.840
_mش و ق